000
00305 a2200133 4500
090
_c
3850
_d
3850
100
_a
Paul A Samuelson
245
_a
Economics
250
_a
8th ed
260
_a
Islamabad
_b
National Book Foundation
_c
2007
300
_a
776p.
500
_a
Hardcover
942
_a
NBS
_c
BK
_k
330 SAM
999
_c
346313
_d
346313